Fire Emblem:Shadow Dragon characters - Statistics

General Stats
  • This quiz has been taken 224 times
  • The average score is 41 of 59
Answer Stats
Class Answer % Correct
Lord Marth
98%
Cavalier Abel
96%
Cavalier Cain
96%
Pegasus Est
90%
Mage Merric
90%
Pegasus Palla
90%
Manakete Tiki
90%
Pegasus Catria
89%
Paladin Jagen
89%
Dracoknight Minerva
89%
Mercenary Ogma
87%
Archer Gordin
86%
Manakete Bantu
84%
Fighter Barst
82%
Fighter Cord
82%
Thief Julian
81%
Cleric Maria
81%
Curate Wrys
81%
Fighter Bord
80%
Ballistician Jake
78%
Mage Linde
78%
Cleric Lena
77%
Horseman Wolf
77%
Knight Draug
76%
Cavalier Hardin
76%
Sniper Jeorge
76%
Hunter Castor
74%
Chameleon Xane
72%
Pegasus Shiida
71%
Pirate Darros
68%
Hero Astram
67%
Myrmidon Athena
67%
Manakete Nagi
67%
Horseman Sedgar
65%
Bishop Wendell
65%
Thief Rickard
64%
Cavalier Frey
63%
Paladin Midia
63%
Hero Samson
63%
Cavalier Vyland
63%
Mercenary Caesar
61%
Cleric Elice
61%
Myrmidon Radd
60%
Cavalier Roshea
60%
Archer Norne
59%
Paladin Arran
57%
Sage Gotoh
57%
Bishop Boah
55%
Knight Dolph
55%
Ballistician Beck
54%
Cavalier Matthis
54%
Knight Roger
53%
Sorcerer Etzel
52%
General Lorenz
50%
General Horace
49%
Myrmidon Nabarl
47%
Archer Thomas
47%
Warrior Ymir
46%
Knight Marcellan
11%
No matching quizzes found
Score Distribution
Percent of People with Each Score
Percentile by Number Answered
Your Score History
You have not taken this quiz